SOIL SAMPLING AND METHODS OF ANALYSIS (Record no. 13379)

MARC details
000 -LEADER
fixed length control field 00421nam a22001697a 4500
003 - CONTROL NUMBER IDENTIFIER
control field OSt
005 - DATE AND TIME OF LATEST TRANSACTION
control field 20211019150335.0
008 - FIXED-LENGTH DATA ELEMENTS--GENERAL INFORMATION
fixed length control field 211019b |||||||| |||| 00| 0 eng d
020 ## - INTERNATIONAL STANDARD BOOK NUMBER
International Standard Book Number 9780849335860
040 ## - CATALOGING SOURCE
Transcribing agency HAWASSA UNIVERSITY
050 ## - LIBRARY OF CONGRESS CALL NUMBER
Classification number 631.41/SOI
Item number 5
082 ## - DEWEY DECIMAL CLASSIFICATION NUMBER
Edition number 2
Classification number 631.41/SOI
Item number 5
245 ## - TITLE STATEMENT
Title SOIL SAMPLING AND METHODS OF ANALYSIS
260 ## - PUBLICATION, DISTRIBUTION, ETC.
Place of publication, distribution, etc. CRC
Name of publisher, distributor, etc. AMERICA
Date of publication, distribution, etc. 2008
300 ## - PHYSICAL DESCRIPTION
Extent 1224
942 ## - ADDED ENTRY ELEMENTS (KOHA)
Source of classification or shelving scheme Dewey Decimal Classification
Koha item type Books like text book referance book
Suppress in OPAC No
Holdings
Withdrawn status Lost status Source of classification or shelving scheme Damaged status Not for loan Home library Current library Date acquired Total Checkouts Full call number Barcode Date last seen Copy number Price effective from Koha item type
    Dewey Decimal Classification     College of Agriculture Library College of Agriculture Library 10/19/2021   631.41/SOI ALIB0000587 10/19/2021 1 10/19/2021 Books like text book referance book
    Dewey Decimal Classification     College of Agriculture Library College of Agriculture Library 10/19/2021   631.41/SOI ALIB0000588 10/19/2021 2 10/19/2021 Books like text book referance book
    Dewey Decimal Classification     College of Agriculture Library College of Agriculture Library 10/19/2021   631.41/SOI ALIB0000589 10/19/2021 3 10/19/2021 Books like text book referance book
    Dewey Decimal Classification     College of Agriculture Library College of Agriculture Library 10/19/2021   631.41/SOI ALIB0000590 10/19/2021 4 10/19/2021 Books like text book referance book
    Dewey Decimal Classification     College of Agriculture Library College of Agriculture Library 10/19/2021   631.41/SOI ALIB0000591 10/19/2021 5 10/19/2021 Books like text book referance book